000 01229nam0a22002771 4500
001 rc\3424638
005 20260406104722.0
021 _aRU
_b[70-35040]
035 _a(NLR Aleph) 007583474
090 _a5532908
_c5532908
100 _a20130115d1970 |||y0rusy50 ca
101 0 _arus
102 _aRU
105 _aa z |||||
200 1 _aРаспространение, вирусология и иммунология лейкозов человека и животных
_e[Сборник статей
_fРед. коллегия: ... д-р мед. наук Р.А. Кукайн (отв. ред.) и др.]
_gАН Латв. ССР. М-во здравоохранения Латв. ССР. М-во сел. хоз-ва Латв. ССР. Латв. с.-х. акад.
210 _aРига
_cЗинатне
_d1970
215 _a459 с.
_cил.
_d22
320 _aБиблиогр. в конце статей
606 _aЛейкозы
_jСборники
_2psbo
702 1 _aКукайн
_bР.А.
_gРита Александровна
_4340
712 0 2 _aАН ЛатвССР
_cРига
_3RU\NLR\AUTH\883473
_9278233
801 0 _aRU
_bNLR
_gpsbo
801 1 _aRU
_bELAR
_2rusmarc
852 _aNLR
_j70-5/1269
942 _cBOOK
980 _aNB